000 00336nam a22001457a 4500
003 OSt
005 20211025144023.0
008 211025b |||||||| |||| 00| 0 eng d
040 _aHU
_cDDC
082 _a347.732
245 _aFEDERAL SUPPLEMENT
260 _aPAUL,MIN
_bWEST GROUP
_c1998
300 _a1265P32CM
942 _2ddc
_cBOOKS
_n0
999 _c14709
_d14709